[Event "Cuiaba Contaud op"]
[Site "Cuiaba"]
[Date "2022.10.25"]
[Round "1"]
[White "Moraes Silva, Natasha Alejandra"]
[Black "Souza dos Santos, Matheus Garcett"]
[Result "0-1"]
[WhiteElo "1469"]
[BlackElo "1990"]
[PlyCount "36"]
[EventDate "2022.10.25"]
[EventType "swiss"]
[EventRounds "9"]
[EventCountry "BRA"]
[SourceTitle "EXT 2024"]
[Source "ChessBase"]
[SourceDate "2023.10.10"]
[SourceVersion "1"]
[SourceVersionDate "2023.10.10"]
[SourceQuality "1"]

1. e4 c5 2. c3 d6 3. d4 Qc7 4. d5 g6 5. h3 Bg7 6. Nf3 Nf6 7. Qc2 0-0 8. c4 e6 9. Bd3 Re8 10. 0-0 a6 11. Nc3 exd5 12. exd5 Nbd7 13. Bf4 Nh5 14. Bh2 Ne5 15. Bxe5 dxe5 16. Rfe1 f5 17. Nh2 e4 18. f3 Bd4+ 0-1

[Event "BRA-ch (Women) 60th"]
[Site "Cuiaba"]
[Date "2021.10.31"]
[Round "5"]
[White "Nunes, Agatha Hurba"]
[Black "Moraes Silva, Natasha Alejandra"]
[Result "1-0"]
[WhiteElo "1797"]
[BlackElo "1436"]
[PlyCount "71"]
[EventDate "2021.10.28"]
[EventType "swiss"]
[EventRounds "11"]
[EventCountry "BRA"]
[SourceTitle "CBM 205 Extra"]
[Source "ChessBase"]
[SourceDate "2022.01.31"]
[SourceVersion "1"]
[SourceVersionDate "2022.01.31"]
[SourceQuality "1"]

1. d4 d5 2. c4 e6 3. cxd5 exd5 4. Nc3 c6 5. Qc2 Bd6 6. Nf3 h6 7. e3 Nf6 8. Bd3 Bg4 9. Nd2 Nbd7 10. 0-0 Qc7 11. h3 Bxh3 12. gxh3 g5 13. e4 dxe4 14. Ndxe4 Bh2+ 15. Kh1 0-0-0 16. f3 Bf4 17. Bxf4 gxf4 18. Nb5 cxb5 19. Nd6+ Kb8 20. Qxc7+ Kxc7 21. Nxf7 a6 22. Rac1+ Kb8 23. Nxh8 Rxh8 24. Bg6 Rg8 25. Bf7 Rg7 26. Be6 Nh5 27. Rf2 Ng3+ 28. Kh2 Nb6 29. b3 Re7 30. d5 Nh5 31. Bg4 Nf6 32. d6 Nxg4+ 33. fxg4 Rd7 34. Rd1 Nc8 35. Rxf4 Nxd6 36. Rf6 1-0

[Event "Florianopolis op 4th"]
[Site "Florianopolis"]
[Date "2018.01.22"]
[Round "5"]
[White "Passos Coutinho, Eduardo"]
[Black "Moraes Silva, Natasha Alejandra"]
[Result "1-0"]
[WhiteElo "1687"]
[BlackElo "1258"]
[PlyCount "69"]
[EventDate "2018.01.19"]
[EventType "swiss"]
[EventRounds "10"]
[EventCountry "BRA"]
[SourceTitle "EXT 2019"]
[Source "ChessBase"]
[SourceDate "2018.10.10"]
[SourceVersion "1"]
[SourceVersionDate "2018.10.10"]
[SourceQuality "1"]

1. c4 e5 2. Nc3 Nf6 3. g3 Bc5 4. Bg2 Nc6 5. e3 d6 6. Nge2 Be6 7. d4 exd4 8. exd4 Bxc4 9. dxc5 dxc5 10. 0-0 0-0 11. Be3 Qe7 12. Re1 Rad8 13. Qa4 Nb4 14. a3 b5 15. Nxb5 Bxb5 16. Qxb5 a6 17. Qxc5 Qxc5 18. Bxc5 Nc2 19. Bxf8 Kxf8 20. Red1 Re8 21. Kf1 Nxa1 22. Rxa1 Ng4 23. h3 Ne5 24. Rd1 Nc4 25. Rd7 Nxb2 26. Rxc7 Rd8 27. Bb7 Rd3 28. Bxa6 Rxa3 29. Bc4 f6 30. Bd5 Ra1+ 31. Kg2 Re1 32. Nf4 g5 33. Ne6+ Kg8 34. Nxg5+ Kh8 35. Rxh7# 1-0